[Event "Porec Open 2011"]
[Site "Porec CRO"]
[Date "2011.12.01"]
[Round "2"]
[White "Matijevic,Filip"]
[Black "Sadikovic,Munib"]
[Result "1-0"]
[WhiteElo "2012"]
[BlackElo "1744"]
[WhiteFideId "14609746"]
[BlackFideId "14527901"]
[EventDate "2011.12.01"]

1. e4 Nf6 2. e5 Nd5 3. c4 Nb6 4. d4 d6 5. exd6 cxd6 6. Nc3 Bf5 7. Be3 Nc6 8. Be2
g6 9. d5 Ne5 10. f4 Nexc4 11. Bxc4 Nxc4 12. Qa4+ Bd7 13. Qxc4 Bg7 14. Nf3 a6 15.
Qb3 Bg4 16. O-O b5 17. Nd4 O-O 18. Nc6 Qd7 19. h3 Bxh3 20. gxh3 Qxh3 21. Ne2 Bf6
22. Bf2 Qg4+ 23. Ng3 a5 24. Kg2 Qxf4 25. Qe3 Qc4 26. Qe4 Qxe4+ 27. Nxe4 Kg7 28.
Nxf6 exf6 29. Bd4 Rfe8 30. Bxf6+ Kg8 31. Rae1 h5 1-0

[Event "Porec Open 2011"]
[Site "Porec CRO"]
[Date "2011.12.01"]
[Round "2"]
[White "Milasincic,S"]
[Black "Popovic,Mir"]
[Result "0-1"]
[WhiteElo "1695"]
[BlackElo "1948"]
[WhiteFideId "14513919"]
[BlackFideId "14509083"]
[EventDate "2011.12.01"]

1. e4 e5 2. Nc3 Nc6 3. d3 Nf6 4. h3 h6 5. Nf3 d5 6. Bd2 d4 7. Nb1 Bd6 8. Be2 Be6
9. a3 Qd7 10. c3 O-O-O 11. c4 g5 12. b4 g4 13. hxg4 Bxg4 14. Qa4 a6 15. b5 Nb8
16. Qb3 Rdg8 17. Bb4 axb5 18. c5 Be6 19. Qb2 Be7 20. Nxe5 Qd8 21. g3 h5 22. Nd2
Ng4 23. Nxg4 hxg4 24. O-O-O Bg5 25. Kb1 Qf6 26. Rxh8 Rxh8 27. Nb3 Nc6 28. Na5
Qxf2 29. Nxc6 bxc6 30. Be1 Qf6 31. a4 Rh2 32. axb5 cxb5 33. Bb4 Qf2 34. Re1 f5
35. Bd2 Bxd2 36. Qxd2 Kb7 37. c6+ Kb6 38. Kc2 fxe4 39. dxe4 Bc4 40. Kd1 d3 41.
Kc1 dxe2 42. Kc2 Qc5 43. Kb2 Rf2 44. Ra1 e1=Q 0-1

[Event "Porec Open 2011"]
[Site "Porec CRO"]
[Date "2011.12.01"]
[Round "2"]
[White "Saric,H"]
[Black "Orak,T"]
[Result "0-1"]
[WhiteElo "1849"]
[BlackElo "2047"]
[WhiteFideId "14509296"]
[BlackFideId "14513412"]
[EventDate "2011.12.01"]

1. d4 d5 2. e3 Nf6 3. c4 e6 4. a3 Be7 5. Qc2 O-O 6. Nd2 b6 7. Ngf3 Bb7 8. cxd5
exd5 9. Bd3 Nbd7 10. b4 Rc8 11. Ne5 Nb8 12. Bf5 Nbd7 13. Nxd7 Nxd7 14. Bxh7+ Kh8
15. Bf5 c5 16. bxc5 bxc5 17. O-O cxd4 18. Qb2 Ba6 19. Qxd4 Bf6 20. Qg4 g6 21.
Bxd7 Bxa1 22. Nf3 Bxf1 23. Ng5 Kg7 24. Bd2 Rc7 25. Bf5 Qf6 26. e4 Bd3 27. h4 Rh8
28. Bf4 Re7 29. f3 Kf8 30. Bc8 Bd4+ 31. Kh1 Bf2 32. e5 Qb6 33. Nh3 Rxh4 34. Qg5
Qb1+ 35. Bc1 Rh5 36. Qd2 Bg3 37. Bg4 Rc7 38. Bxh5 Qxc1+ 39. Qxc1 Rxc1+ 0-1

[Event "Porec Open 2011"]
[Site "Porec CRO"]
[Date "2011.12.01"]
[Round "2"]
[White "Udovicic,Roland"]
[Black "Samblic,S"]
[Result "1/2-1/2"]
[WhiteElo "1742"]
[BlackElo "2003"]
[WhiteFideId "14531011"]
[BlackFideId "14511835"]
[EventDate "2011.12.01"]

1. d4 Nf6 2. c4 g6 3. Nc3 d5 4. e3 Bg7 5. Nf3 O-O 6. Be2 c6 7. O-O Nbd7 8. Nd2
e5 9. cxd5 exd4 10. exd4 Nxd5 11. Nxd5 cxd5 12. Nb3 Nf6 13. Bg5 Qd6 14. Bf3 Bf5
15. Re1 Rac8 16. Rc1 Rxc1 17. Qxc1 Rc8 18. Qf4 Qxf4 19. Bxf4 b6 20. Rc1 Rc2 21.
Rxc2 Bxc2 22. Nd2 1/2-1/2

[Event "Porec Open 2011"]
[Site "Porec CRO"]
[Date "2011.12.01"]
[Round "2"]
[White "Valkovic,K"]
[Black "Jovanic,O"]
[Result "0-1"]
[BlackTitle "GM"]
[WhiteElo "2101"]
[BlackElo "2476"]
[WhiteFideId "14513200"]
[BlackFideId "14504081"]
[EventDate "2011.12.01"]

1. d4 Nf6 2. Nf3 g6 3. Bf4 Bg7 4. e3 d6 5. Be2 O-O 6. c4 c5 7. O-O Nh5 8. Bg5 h6
9. Bh4 g5 10. Bg3 Nxg3 11. hxg3 Qb6 12. Nc3 Qxb2 13. Nb5 Bf5 14. Bd3 Bxd3 15.
Qxd3 Nc6 16. a3 a6 17. Rfb1 Qxa1 18. Rxa1 axb5 19. cxb5 Na5 20. Nd2 d5 21. Rc1
c4 22. Qc3 e6 23. f3 b6 24. Kf2 Rad8 25. f4 f6 26. Qc2 f5 27. Nb1 Nb3 28. Rd1
Ra8 29. Qb2 Nc5 30. Kg1 Na4 31. Qc2 g4 32. Nd2 Rfc8 33. Rc1 Ra5 34. Nb1 Rca8 35.
Nd2 Rc8 36. Nb1 Kf7 37. Kf1 Bf6 38. Nd2 c3 39. Nb1 Rc4 40. Qb3 Ra8 41. Ke2 Rac8
42. Rc2 h5 43. Kf2 Kg6 44. Rc1 Be7 45. Rc2 Rh8 46. Rc1 Rhc8 47. Rc2 Kg7 48. Rc1
Kf7 49. Rc2 h4 50. gxh4 Bxh4+ 51. g3 Be7 52. Kg2 Ke8 53. Kg1 Kd7 54. Kg2 Nb2 55.
Rxc3 Rxc3 56. Nxc3 Nc4 57. Nd1 Nxa3 58. Qa4 Ke8 59. Qa6 Rc2+ 60. Kf1 Nc4 61.
Qc8+ Kf7 62. Qh8 Nd2+ 63. Kg1 Nf3+ 64. Kh1 Bf8 65. e4 dxe4 66. Ne3 Rh2+ 67. Qxh2
Nxh2 68. Kxh2 Bg7 69. d5 Bd4 70. dxe6+ Kxe6 71. Nc2 Kd5 72. Kg2 Bc5 73. Kf1 Kc4
74. Ne1 Kxb5 75. Ng2 Kc4 76. Nh4 Kd3 0-1

[Event "Porec Open 2011"]
[Site "Porec CRO"]
[Date "2011.12.01"]
[Round "2"]
[White "Znidarcic,A"]
[Black "Konic,Z"]
[Result "1-0"]
[WhiteElo "2177"]
[BlackElo "2118"]
[WhiteFideId "14602601"]
[BlackFideId "14507137"]
[EventDate "2011.12.01"]

1. e4 e6 2. d4 d5 3. Nc3 Nf6 4. e5 Nfd7 5. f4 c5 6. Nf3 Nc6 7. Be3 Qb6 8. Na4
Qa5+ 9. Nc3 cxd4 10. Nxd4 a6 11. Nb3 Qc7 12. Bd3 Bb4 13. O-O O-O 14. Ne2 f5 15.
Kh1 b6 16. Ned4 Nxd4 17. Nxd4 Nc5 18. c3 Nxd3 19. Qxd3 Be7 20. Rfc1 b5 21. a4
Qc4 22. Qd1 Bd7 23. b3 Qc7 24. axb5 axb5 25. Rxa8 Rxa8 26. Nxf5 Ba3 27. Rc2 Rc8
28. Nd4 Bf8 29. h3 Bc5 30. Bg1 Bxd4 31. Qxd4 Qa5 32. Qd2 Be8 33. b4 Qa1 34. Rc1
Qa8 35. Rc2 Bg6 36. Ra2 Qc6 37. Bc5 Be4 38. Kh2 h6 39. Qf2 Ra8 40. Ra5 Rb8 41.
Qa2 Rb7 42. Ra8+ Kh7 43. Rf8 Bg6 44. Qa8 Be4 45. Bd4 Qd7 46. g4 Kg6 47. h4 h5
48. gxh5+ Kxh5 49. Kg3 Bh7 50. Qa2 Qe7 51. Qe2+ Kh6 52. Bc5 Qd7 53. Qg4 g6 54.
Qg5+ Kg7 55. Qf6+ Kh6 56. Rd8 1-0

[Event "Porec Open 2011"]
[Site "Porec CRO"]
[Date "2011.12.02"]
[Round "3.2"]
[White "Rubil,M"]
[Black "Martinovic,Sa"]
[Result "0-1"]
[BlackTitle "GM"]
[WhiteElo "2181"]
[BlackElo "2504"]
[WhiteFideId "14501546"]
[BlackFideId "14509792"]
[EventDate "2011.12.01"]

1. e4 e6 2. d4 d5 3. Nc3 Bb4 4. Ne2 Nc6 5. a3 Ba5 6. b4 Bb6 7. Na4 dxe4 8. Bb2
Nf6 9. c4 a6 10. g3 O-O 11. Bg2 Qe7 12. Ra2 Ba7 13. Qa1 Bd7 14. Nc5 Bxc5 15.
dxc5 e5 16. O-O Be6 17. Rc1 Bg4 18. Bc3 Rad8 19. b5 Bxe2 20. Rxe2 Nd4 21. Ra2
Rfe8 22. Qb1 Qxc5 23. Bb4 Qb6 24. Bxe4 Nxe4 25. Qxe4 f5 26. Qe3 f4 27. Qe4 f3
28. Kh1 Ne2 29. Rf1 0-1

[Event "Porec Open 2011"]
[Site "Porec CRO"]
[Date "2011.12.02"]
[Round "3.3"]
[White "Jovanic,O"]
[Black "Grbac,Bor"]
[Result "1-0"]
[WhiteTitle "GM"]
[WhiteElo "2476"]
[BlackElo "2190"]
[WhiteFideId "14504081"]
[BlackFideId "14503565"]
[EventDate "2011.12.01"]

1. d4 Nf6 2. c4 e6 3. Nf3 c5 4. e3 d5 5. Nc3 Nc6 6. a3 b6 7. cxd5 exd5 8. Bb5
Qd6 9. Ne5 Bd7 10. Nxd7 Qxd7 11. Qa4 Rc8 12. O-O Be7 13. e4 Nxe4 14. Nxe4 dxe4
15. Rd1 a6 16. Qxa6 O-O 17. d5 Ra8 18. Bxc6 Qxc6 19. Qc4 Qg6 20. Re1 Bd6 21.
Qxe4 Rae8 22. Qxe8 Rxe8 23. Rxe8+ Bf8 24. Bf4 f5 25. Rae1 Kf7 26. Rb8 Qg4 27.
Rb7+ Kg8 28. Be5 f4 29. f3 Qh4 30. Bc3 Qh5 31. Rd1 c4 32. Kh1 Qf5 33. h3 Qc2 34.
Re1 Qg6 35. Re6 1-0

[Event "Porec Open 2011"]
[Site "Porec CRO"]
[Date "2011.12.02"]
[Round "3.5"]
[White "Vidic,M SLO"]
[Black "Crepan,M"]
[Result "1/2-1/2"]
[BlackTitle "FM"]
[WhiteElo "2068"]
[BlackElo "2316"]
[WhiteFideId "14605775"]
[BlackFideId "14600102"]
[EventDate "2011.12.01"]

1. d4 d5 2. c4 c6 3. Nf3 Nf6 4. Nc3 dxc4 5. a4 Bf5 6. Ne5 Nbd7 7. Nxc4 Qc7 8. g3
e5 9. dxe5 Nxe5 10. Bf4 Nfd7 11. Bg2 Be6 12. Nxe5 Nxe5 13. O-O f6 14. Qc2 Qa5
15. Na2 Bf5 16. Qb3 O-O-O 17. Rfd1 Be7 18. Nc3 Qb4 19. Qxb4 Bxb4 20. Rac1 Rxd1+
21. Rxd1 Rd8 22. Rxd8+ Kxd8 23. Na2 Be7 24. a5 a6 25. Bd2 Nc4 26. Bc3 Bd6 27.
Nc1 Bc2 28. Nd3 Kc7 29. Be4 h6 30. Kg2 b6 31. axb6+ Kxb6 32. Kh3 Bd1 33. Bf3 Be7
34. Kg4 g6 35. Kf4 f5 36. h4 Bd6+ 37. Ne5 Bc2 38. e4 h5 39. exf5 Bxf5 40. Be4
Bxe4 41. Kxe4 Bxe5 42. Bxe5 Kc5 43. Bc3 Kd6 44. f3 c5 45. g4 Ke6 46. gxh5 gxh5
47. Kf4 Nb6 48. Kg5 Nd5 49. Bh8 c4 50. f4 Ne3 51. Bd4 Nf5 52. Bf2 Nd6 53. Kg6 a5
54. Bc5 Nf5 55. Kxh5 Kd5 56. Ba3 Ke4 57. Kg5 Nxh4 58. Kxh4 Kxf4 59. Be7 a4 60.
Bf6 Ke4 61. Kg4 Kd3 62. Kf3 Kc2 63. Ke3 Kb3 64. Kd2 1/2-1/2

[Event "Porec Open 2011"]
[Site "Porec CRO"]
[Date "2011.12.02"]
[Round "3.7"]
[White "Sunjic,V"]
[Black "Rafaelic,Denis"]
[Result "1-0"]
[WhiteElo "2193"]
[BlackElo "1745"]
[WhiteFideId "14508281"]
[BlackFideId "14527880"]
[EventDate "2011.12.01"]

1. e4 c5 2. Nf3 d6 3. d4 cxd4 4. Qxd4 Nc6 5. Bb5 Bd7 6. Bxc6 Bxc6 7. Nc3 Nf6 8.
Bg5 e6 9. O-O-O Be7 10. Kb1 O-O 11. Rhe1 a5 12. Qe3 Qc7 13. Nd4 Rfc8 14. Rd2 a4
15. a3 b5 16. Nxc6 Qxc6 17. Na2 Nxe4 18. Bxe7 Nxd2+ 19. Qxd2 Qxg2 20. Bxd6 Rc4
21. Bg3 Rac8 22. Nb4 h5 23. h4 Rg4 24. Qd7 Rgc4 25. Qxb5 Re4 26. Rxe4 Qxe4 27.
Qxh5 Qe1+ 28. Ka2 Rxc2 29. Nxc2 Qf1 30. Qc5 1-0

[Event "Porec Open 2011"]
[Site "Porec CRO"]
[Date "2011.12.02"]
[Round "3.10"]
[White "Popovic,Mir"]
[Black "Antunovic,I"]
[Result "0-1"]
[WhiteElo "1948"]
[BlackElo "2140"]
[WhiteFideId "14509083"]
[BlackFideId "14505878"]
[EventDate "2011.12.01"]

1. e4 d6 2. d4 Nf6 3. Nc3 g6 4. Be2 Bg7 5. Nf3 O-O 6. O-O b6 7. Bg5 Bb7 8. d5 c6
9. Qd2 Nbd7 10. Rfd1 Nc5 11. Qe3 cxd5 12. exd5 Rc8 13. h3 a6 14. Bh6 b5 15. Bxg7
Kxg7 16. a3 Rc7 17. Rac1 Qa8 18. Qd4 Kg8 19. Nh2 Rfc8 20. Bf3 Ncd7 21. Ng4 h5
22. Nxf6+ Nxf6 23. Rd3 Rc4 24. Qe3 R8c7 25. Rd4 Rxd4 26. Qxd4 Rc5 27. Rd1 a5 28.
b4 axb4 29. axb4 Rc4 30. Qe3 Qa3 31. Qxe7 Qxc3 32. Qxb7 Qxb4 33. Ra1 Rxc2 34.
Ra7 Rc1+ 35. Kh2 Qf4+ 36. g3 Ng4+ 37. hxg4 Qxf3 0-1

[Event "Porec Open 2011"]
[Site "Porec CRO"]
[Date "2011.12.02"]
[Round "3.11"]
[White "Ghersinich,G"]
[Black "Valkovic,K"]
[Result "0-1"]
[WhiteElo "1926"]
[BlackElo "2101"]
[WhiteFideId "14510138"]
[BlackFideId "14513200"]
[EventDate "2011.12.01"]

1. d4 d6 2. e4 Nf6 3. Bd3 e5 4. Ne2 Nc6 5. c3 g6 6. d5 Ne7 7. O-O Bg7 8. f4 exf4
9. Bxf4 Nd7 10. Nd2 O-O 11. Nf3 Nc5 12. Bc2 f5 13. e5 dxe5 14. Bxe5 Bxe5 15.
Nxe5 Qxd5 16. Nd3 Kg7 17. Nef4 Qd6 18. Qe2 Ne4 19. Rad1 Qb6+ 20. Kh1 Qf6 21. Nb4
a5 22. Nbd5 Nxd5 23. Nxd5 Qe5 24. Bxe4 fxe4 25. Rxf8 Kxf8 26. Qc4 Bf5 27. Ne3 c6
28. Nxf5 gxf5 29. Rd7 Qf6 30. Qc5+ Ke8 31. Rd6 Qe7 32. Qd4 Qg5 33. Qe5+ Kf7 34.
Rd7+ Kg8 35. h3 Rf8 36. Qe6+ Kh8 37. Qe5+ Qf6 38. Qc7 e3 39. Rxh7+ Kg8 40. Re7
f4 41. Qd7 Qg6 42. Re6 Qf5 43. Qd6 Rf7 44. Rg6+ Rg7 45. Rf6 e2 46. Rxf5 e1=Q+
47. Kh2 Qg3+ 48. Kg1 0-1

[Event "Porec Open 2011"]
[Site "Porec CRO"]
[Date "2011.12.02"]
[Round "3.13"]
[White "Bratkovic,Sham"]
[Black "Grguric,Dr"]
[Result "0-1"]
[WhiteElo "1853"]
[BlackElo "2073"]
[WhiteFideId "14608715"]
[BlackFideId "14502674"]
[EventDate "2011.12.01"]

1. e4 c5 2. Nf3 d6 3. d4 cxd4 4. Nxd4 Nf6 5. Nc3 g6 6. Be3 Bg7 7. f3 O-O 8. Qd2
Nc6 9. O-O-O Bd7 10. g4 Rc8 11. h4 Qa5 12. Kb1 Ne5 13. Be2 Nc4 14. Bxc4 Rxc4 15.
h5 Rfc8 16. hxg6 fxg6 17. Nb3 Qe5 18. f4 Qe6 19. Nd4 Nxe4 20. Qh2 Nxc3+ 21. bxc3
Qxe3 22. Qxh7+ Kf8 23. Rd3 Qe4 24. Qh4 Rxd4 25. cxd4 Ba4 26. Qh8+ Bxh8 27. Rxh8+
Kg7 28. Rxc8 Qxf4 29. Rc7 Qe4 30. d5 Qe1+ 31. Kb2 Qb4+ 32. Kc1 Kf6 33. Rf3+ Kg5
34. Rxe7 Qc4 35. Rf2 Qxd5 36. Rd2 Qxa2 37. Rxb7 Qa3+ 38. Rb2 Bc6 39. Rd3 Qc5 40.
Rbb3 Be4 41. Rdc3 Qg1+ 42. Kb2 Qd4 43. Kc1 Kxg4 44. Rg3+ Kf4 45. Rh3 g5 46. Rb8
Qg1+ 47. Kb2 Bxc2 48. Rhh8 Be4 49. Rhf8+ Ke3 50. Rfe8 d5 51. Rb3+ Kd2 52. Rd8
Qc1+ 53. Ka2 Qc4 54. Kb2 d4 55. Rh8 Qf1 56. Ka2 Bd5 57. Rh2+ Kd1 58. Rh7 0-1

[Event "Porec Open 2011"]
[Site "Porec CRO"]
[Date "2011.12.02"]
[Round "3.14"]
[White "Orak,T"]
[Black "Mehmeti,T"]
[Result "1-0"]
[WhiteElo "2047"]
[BlackElo "1766"]
[WhiteFideId "14513412"]
[BlackFideId "14513897"]
[EventDate "2011.12.01"]

1. Nf3 d6 2. b3 e5 3. d3 h6 4. Bb2 Nf6 5. e3 c6 6. c4 Bg4 7. Be2 Be7 8. Nbd2 O-O
9. h3 Be6 10. Qc2 Bf5 11. Rd1 Nbd7 12. O-O Qc8 13. e4 Be6 14. d4 Nh5 15. Rfe1
Nf4 16. Bf1 f6 17. Kh2 Bf7 18. g3 Ne6 19. Bg2 Ng5 20. Nh4 exd4 21. Nf5 Qe8 22.
Bxd4 Nb6 23. f4 Ne6 24. Bb2 Rc8 25. Ba3 c5 26. Bb2 Kh7 27. Nxd6 Bxd6 28. e5+ Bg6
29. f5 Bxe5 30. Bxe5 fxe5 31. fxg6+ Kh8 32. Rxe5 Nd7 33. Re3 Rf2 34. Kg1 Rxg2+
35. Kxg2 Nf4+ 36. Kf3 Ne6 37. Kf2 Qe7 38. Nf3 Rf8 39. Qe4 Rf6 40. Qxb7 Rxf3+ 41.
Qxf3 Ndf8 42. Qf7 Qf6+ 43. Qxf6 gxf6 44. Rd6 Kg7 45. Rexe6 Nxe6 46. Rxe6 1-0

[Event "Porec Open 2011"]
[Site "Porec CRO"]
[Date "2011.12.02"]
[Round "3.17"]
[White "Bratkovic,Jakob"]
[Black "Licardo,R"]
[Result "0-1"]
[WhiteElo "1847"]
[BlackElo "2200"]
[WhiteFideId "14608634"]
[BlackFideId "14503573"]
[EventDate "2011.12.01"]

1. e4 c5 2. Nf3 a6 3. d4 cxd4 4. Nxd4 Nf6 5. Nc3 e5 6. Nf3 Bb4 7. Bd2 Nc6 8. Bd3
d5 9. Qe2 Bg4 10. h3 Nd4 11. Qd1 dxe4 12. hxg4 exd3 13. cxd3 Nxg4 14. Ne4 Bxd2+
15. Nexd2 O-O 16. Kf1 f5 17. g3 e4 18. Nh2 e3 19. Nxg4 e2+ 20. Qxe2 Nxe2 21.
Kxe2 0-1

[Event "Porec Open 2011"]
[Site "Porec CRO"]
[Date "2011.12.02"]
[Round "3.19"]
[White "Samblic,S"]
[Black "Causevic,Miro"]
[Result "1/2-1/2"]
[WhiteElo "2003"]
[BlackElo "1724"]
[WhiteFideId "14511835"]
[BlackFideId "14527715"]
[EventDate "2011.12.01"]

1. g3 d5 2. Bg2 Nf6 3. Nf3 Nc6 4. O-O e5 5. d4 Bd6 6. dxe5 Nxe5 7. Nxe5 Bxe5 8.
c3 h5 9. Bg5 Be6 10. e4 Bd6 11. Bxf6 gxf6 12. f4 Bc8 1/2-1/2

[Event "Porec Open 2011"]
[Site "Porec CRO"]
[Date "2011.12.02"]
[Round "3.20"]
[White "Gakic,Miodrag"]
[Black "Bursic,E"]
[Result "1-0"]
[WhiteElo "1887"]
[BlackElo "1979"]
[WhiteFideId "14510022"]
[BlackFideId "14505410"]
[EventDate "2011.12.01"]

1. e4 c5 2. Nf3 d6 3. d4 cxd4 4. Nxd4 e5 5. Nb5 a6 6. N5a3 Nf6 7. Bd3 Nc6 8. Bg5
Be7 9. Nc3 Be6 10. Bxf6 gxf6 11. Nc4 b5 12. Ne3 Qa5 13. O-O Nb4 14. Be2 Rg8 15.
a4 bxa4 16. Rxa4 Qb6 17. Bb5+ Kf8 18. Rxb4 axb5 19. Rxb5 Qc6 20. Qd3 Rd8 21.
Ncd5 Bc8 22. Rb6 Qa8 23. Nxe7 Kxe7 24. Nd5+ Kf8 25. Nxf6 Rg6 26. Nd5 Kg7 27. Ne7
Qa7 28. Nxc8 Rxc8 29. Qb3 Rc7 30. h3 Qa8 31. Qd3 f5 32. Rxd6 Rg5 33. Rd7+ Rxd7
34. Qxd7+ Kh6 35. Qd5 Qe8 36. exf5 Qh5 37. Qxe5 Qf3 38. Qf6+ Kh5 39. Qxg5+ 1-0

[Event "Porec Open 2011"]
[Site "Porec CRO"]
[Date "2011.12.02"]
[Round "3.21"]
[White "Savli,Marko"]
[Black "Saric,H"]
[Result "0-1"]
[WhiteElo "1680"]
[BlackElo "1849"]
[WhiteFideId "14609908"]
[BlackFideId "14509296"]
[EventDate "2011.12.01"]

1. d4 d5 2. c4 Nf6 3. Nc3 e6 4. Bg5 dxc4 5. e4 Be7 6. Bxc4 c6 7. Nf3 b5 8. Bd3
a5 9. Rc1 Nbd7 10. e5 Nd5 11. Bxe7 Qxe7 12. Ne4 Qb4+ 13. Qd2 Nf4 14. Nd6+ Ke7
15. Bf1 Qxd2+ 16. Nxd2 c5 17. g3 Nd5 18. Nxb5 cxd4 19. Nf3 Bb7 20. Be2 Rac8 21.
O-O Nb4 22. Nbxd4 Bxf3 23. Nxf3 Rb8 24. a3 Nd5 25. Rc2 h6 26. Rd1 g5 27. Rd4
Rhc8 28. Rxc8 Rxc8 29. Bc4 N5b6 30. Bb5 Rc1+ 31. Kg2 Nc5 32. b4 axb4 33. axb4
Nb3 34. Rd6 Nd5 35. Rd7+ Kf8 36. Ba4 Na1 37. b5 Rc4 38. Bd1 g4 39. Ng1 Rd4 40.
Rd6 Rxd1 41. Ra6 Rb1 42. Ra5 Nc2 43. Ne2 Ne1+ 44. Kf1 Nf3+ 0-1

[Event "Porec Open 2011"]
[Site "Porec CRO"]
[Date "2011.12.02"]
[Round "4.1"]
[White "Fercec,N"]
[Black "Zaja,I"]
[Result "1/2-1/2"]
[WhiteTitle "GM"]
[BlackTitle "GM"]
[WhiteElo "2451"]
[BlackElo "2508"]
[WhiteFideId "14500299"]
[BlackFideId "14500450"]
[EventDate "2011.12.01"]

1. e4 e5 2. Nf3 Nc6 3. Bb5 a6 4. Ba4 Nf6 5. d3 b5 6. Bb3 Bc5 7. a4 b4 8. O-O d6
9. h3 h6 10. Be3 Bxe3 11. fxe3 Be6 12. Nbd2 O-O 13. a5 Rb8 14. Qe2 Bxb3 15. Nxb3
Rb5 16. Nfd2 d5 17. exd5 Nxd5 18. Nc4 f5 19. Kh2 Qe7 20. e4 fxe4 21. Qxe4 Rf4
22. Qe2 Rxf1 23. Rxf1 Nf6 24. Re1 Qf7 25. Kg1 Qd5 26. Ne3 Qe6 27. Nc4 Qd5 28.
Ne3 Qe6 29. Nc4 1/2-1/2

[Event "Porec Open 2011"]
[Site "Porec CRO"]
[Date "2011.12.02"]
[Round "4.2"]
[White "Martinovic,Sa"]
[Black "Jovanic,O"]
[Result "1/2-1/2"]
[WhiteTitle "GM"]
[BlackTitle "GM"]
[WhiteElo "2504"]
[BlackElo "2476"]
[WhiteFideId "14509792"]
[BlackFideId "14504081"]
[EventDate "2011.12.01"]

1. d4 Nf6 2. c4 e6 3. Nc3 Bb4 4. e3 O-O 5. Ne2 d5 6. a3 Be7 7. cxd5 exd5 8. Nf4
c6 9. Bd3 a5 10. O-O Na6 11. Bc2 Nc7 12. Rb1 Ne6 13. Nd3 Qc7 14. h3 Ng5 15. Nf4
Nge4 16. Nce2 b6 17. f3 Nd6 18. g4 h6 19. Rf2 Ba6 20. h4 Nh7 21. Rh2 g6 22. h5
g5 23. Bxh7+ Kxh7 24. Qc2+ Kg8 25. Nxd5 Qd8 26. Nxe7+ Qxe7 27. e4 Rad8 28. Be3
Nc4 29. Bf2 Qf6 30. f4 gxf4 31. Bh4 Qg7 32. Bxd8 Ne3 33. Qd2 Rxd8 34. Nxf4 Nc4
35. Qf2 Rxd4 36. Re1 Rd2 37. Re2 Rd1+ 38. Re1 Rd2 39. Re2 Rd1+ 40. Re1 1/2-1/2

[Event "Porec Open 2011"]
[Site "Porec CRO"]
[Date "2011.12.02"]
[Round "4.3"]
[White "Zufic,M"]
[Black "Sunjic,V"]
[Result "1-0"]
[WhiteTitle "IM"]
[WhiteElo "2409"]
[BlackElo "2193"]
[WhiteFideId "14506157"]
[BlackFideId "14508281"]
[EventDate "2011.12.01"]

1. e4 e5 2. Nf3 Nc6 3. Bb5 Nf6 4. d3 d6 5. c3 Be7 6. h3 O-O 7. O-O Nd7 8. d4 f5
9. exf5 Rxf5 10. Bd3 Rf8 11. Be3 Kh8 12. Nbd2 d5 13. Nxe5 Ndxe5 14. dxe5 Nxe5
15. Bxh7 Kxh7 16. Qh5+ Kg8 17. Qxe5 Rf5 18. Qg3 Bh4 19. Qg6 Rf6 20. Qh5 Rf5 21.
Qe2 Bd7 22. g3 Be7 23. f4 Qf8 24. Nf3 Bd6 25. Bd4 Re8 26. Be5 Qf7 27. Qg2 Bc5+
28. Kh2 Rh5 29. g4 Rh6 30. Ng5 Qg6 31. Qxd5+ Be6 32. Nxe6 Qc2+ 33. Qg2 1-0

[Event "Porec Open 2011"]
[Site "Porec CRO"]
[Date "2011.12.02"]
[Round "4.4"]
[White "Lazic,Du"]
[Black "Rubil,M"]
[Result "0-1"]
[WhiteElo "2041"]
[BlackElo "2181"]
[WhiteFideId "14511177"]
[BlackFideId "14501546"]
[EventDate "2011.12.01"]

1. d4 d5 2. Nf3 Nf6 3. Bf4 c5 4. c3 e6 5. e3 Nc6 6. Bd3 Bd6 7. Ne5 Qc7 8. Bb5
O-O 9. Bxc6 bxc6 10. O-O Rb8 11. b3 Ne4 12. Nd3 Bxf4 13. Nxf4 e5 14. Nd3 exd4
15. exd4 cxd4 16. cxd4 Re8 17. Nc5 Nxc5 18. dxc5 Qa5 19. Qc1 Rb5 20. Nc3 Rxc5
21. Re1 Be6 22. Rxe6 fxe6 0-1

[Event "Porec Open 2011"]
[Site "Porec CRO"]
[Date "2011.12.02"]
[Round "4.5"]
[White "Crepan,M"]
[Black "Orak,T"]
[Result "0-1"]
[WhiteTitle "FM"]
[WhiteElo "2316"]
[BlackElo "2047"]
[WhiteFideId "14600102"]
[BlackFideId "14513412"]
[EventDate "2011.12.01"]

1. e4 c5 2. Nf3 e6 3. d4 cxd4 4. Nxd4 a6 5. Be2 Qc7 6. O-O Nf6 7. Nc3 Nc6 8. Kh1
Be7 9. f4 d6 10. Be3 O-O 11. Qe1 Bd7 12. Qg3 Ne8 13. Rad1 Bf6 14. Nb3 b5 15. a3
Bc8 16. Rd2 Rb8 17. Nd1 b4 18. a4 Na5 19. Nxa5 Qxa5 20. b3 Qc7 21. Bg1 Bb7 22.
Bd3 Rd8 23. Ne3 a5 24. Ng4 Bc3 25. Re2 Nf6 26. Re3 Qe7 27. e5 Nxg4 28. Qxg4 g6
29. Bf2 dxe5 30. Bh4 Qc5 31. Rh3 f5 32. Qe2 Rd7 33. fxe5 Qxe5 34. Re3 Qc7 35.
Bf2 e5 36. Bc4+ Kg7 37. Rd3 Bxg2+ 38. Kxg2 Rfd8 0-1

[Event "Porec Open 2011"]
[Site "Porec CRO"]
[Date "2011.12.02"]
[Round "4.6"]
[White "Grbac,Bor"]
[Black "Havas,Ju"]
[Result "0-1"]
[WhiteElo "2190"]
[BlackElo "2070"]
[WhiteFideId "14503565"]
[BlackFideId "14517760"]
[EventDate "2011.12.01"]

1. e4 g6 2. d4 Bg7 3. Nf3 d6 4. h3 Nd7 5. Nc3 a6 6. Be3 b5 7. Bd3 c5 8. e5 cxd4
9. Nxd4 Nxe5 10. Be4 Bd7 11. Bxa8 Qxa8 12. O-O Nf6 13. a3 O-O 14. Re1 Nc4 15.
Bc1 e5 16. Nf3 Qc6 17. Nd2 Nb6 18. Nb3 Bf5 19. Na5 Qc7 20. Be3 d5 21. Bg5 Nbd7
22. g4 Be6 23. Nb3 d4 24. Ne4 Nxe4 25. Rxe4 Bd5 26. Re1 f5 27. Be7 Rf7 28. Bb4
fxg4 29. Qxg4 Nf6 30. Qh4 Nh5 31. Ba5 Qc6 32. Bd2 Bf6 33. Bg5 Bxb3 34. cxb3 Nf4
35. Qg4 h5 36. Qg3 Bxg5 37. Rxe5 Qf6 38. Ree1 Bh4 39. Qf3 Bxf2+ 0-1

[Event "Porec Open 2011"]
[Site "Porec CRO"]
[Date "2011.12.02"]
[Round "4.8"]
[White "Antunovic,I"]
[Black "Ivanovic,An"]
[Result "1/2-1/2"]
[WhiteElo "2140"]
[BlackElo "2039"]
[WhiteFideId "14505878"]
[BlackFideId "14604418"]
[EventDate "2011.12.01"]

1. Nf3 c5 2. g3 g6 3. Bg2 Bg7 4. O-O Nc6 5. d3 d5 6. a3 Nf6 7. Nc3 O-O 8. Rb1
Bg4 9. h3 Bxf3 10. Bxf3 h6 11. Bd2 Rc8 12. Bg2 Qd7 13. Kh2 Rfe8 14. e4 dxe4 15.
Nxe4 Nxe4 16. Bxe4 f5 17. Bg2 e5 18. b4 cxb4 19. axb4 b5 20. Qc1 Kh7 21. Qa3 e4
22. Be3 exd3 23. cxd3 Nd4 24. Rbc1 Be5 25. Rxc8 Rxc8 26. Rc1 Rxc1 27. Qxc1 Qd6
28. Qc8 f4 29. Qb7+ Kh8 30. Qa8+ Kg7 31. Qxa7+ Kf6 32. gxf4 Bxf4+ 33. Kh1 Bxe3
34. fxe3 Ne2 35. Qa1+ Kg5 36. h4+ Kxh4 37. Qe1+ Ng3+ 38. Kh2 Kg4 39. Bh3+ Kf3
40. Bg2+ Kg4 41. Bh3+ Kf3 1/2-1/2